Регионална библиотека "Любен Каравелов" - Русе

Начална педализация (Запис номер 310978)

MARC детайли
000 -Лидер
Контролно поле с фиксирана дължина 01032ncm a2200325 c 4500
003 - Код на организацията, давaща контролен номер
Контролно поле BLK
005 - Дата и час на последна редакция
Контролно поле 20250127161106.0
008 - Елементи от данни с фиксирана дължина
fixed length control field 180414b bul |a|er|||| |0| c|bulo|
010 ## - Наследен системен номер
LC control number NOT00002434000
040 ## - Източник на каталожния запис
Идентификатор на билиотеката - собственик на записа BLK
041 ## - Код за език
Код за езика на текст/звукозапис или на отделно заглавие Български
Код за езика КДБФ Български
080 ## - УДК
Текстов определител УДК Музика за пиано
УДК код - определител по УДК 786.2
УДК - код + определител 786.2
139 ## - Редно поле
Редна дума Начална педализация
Авторски знак Вълч - В 95
245 10 - Сведения за заглавието
Заглавие Начална педализация
Подзаглавни данни Упражнения, етюди, пиеси
Редно поле (дума) състав. Въскресия Вълчанова.
257 ## - Страна на издаване
Страна на създаване/издаване България
260 ## - Област на издателските данни
Име на издателя, разпространителя и проч. Музика
Година на издаване 1983
300 ## - Физическа характеристика
Страници 67 с.
Размери/Мащаб 34 см
380 ## - Жанр
Жанр Изкуство
650 #7 - Допълнително описание по предмет – тема
Основно описание – тема или топоним Пиано - школи
Източник на редна или ключова дума
9 (RLIN) 166268
653 ## - Ключова дума – ненормативна
Ключова дума пиано
653 ## - Ключова дума – ненормативна
Ключова дума педализация
700 1# - Други автори (авторска отговорност)
Лично име Вълчанова, Въскресия
Автороска отговорност (Описва отношението между автора и произведението) състав.
9 (RLIN) 388625
852 ## - Местоположение
Форматна сигнатура Цб М ІІ 9077
Част 0
856 4# - Електронен адрес и достъп
Електронен формат pdf - файл
Път до файла /url/
856 4# - Електронен адрес и достъп
Електронен формат pdf - файл
Път до файла /url/
999 ## - СИСТЕМНИ КОНТРОЛНИ НОМЕРА
Koha biblionumber 310978
Koha biblioitemnumber 310978
942 ## - АРТИКУЛИ
Вид на библиотечния материал Нотни издания
Скрит в OPAC Не
Периодичен библиозапис Да
944 ## - СЪЗДАВАНЕ И РЕДАКЦИЯ на ЗАПИСА
Създаване/Редакция Създаване
Дата на регистрацията/редакция 30.11.2007
Служител, извършил регистрацията/редакцията 30560
Статус, дата на статуса Геновева Генчева
944 ## - СЪЗДАВАНЕ И РЕДАКЦИЯ на ЗАПИСА
Създаване/Редакция Редакция
Дата на регистрацията/редакция 30.11.2007
999 ## - СИСТЕМНИ КОНТРОЛНИ НОМЕРА
Koha biblioitemnumber 310978
Наличности
Код за отписване Код за изгубен артикул Източник на класификационната схема Код за повреда Коз за рестрикции Код за отдаване Артикулен № Име на библиотеката - собственик Име на библиотеката, в която се намира в момента Статус (Текущо местоположение) Дата на вписване в системата Местоположение - отдел Цена в лева Инвентарен номер Систематично азбучна сигнатура Баркод Номер на екземпляра Цена в евро Служебна бележка Служебен тип на артикула
  Не е изгубен Universal Decimal Classification Не е повреден без рестрикции ползва се в читалня 663389 Регионална библиотека "Любен Каравелов" Русе Регионална библиотека "Любен Каравелов" Русе Хранилище 1983-01-01 Хранилище 1.75 379501 Цб М ІІ 9077 120000379501 1 0.89 N: стар фонд Дата: 01.01.1983 Нотни издания
Изтеглен Не е изгубен Universal Decimal Classification Не е повреден без рестрикции заемане за дома 663390 Регионална библиотека "Любен Каравелов" Русе Регионална библиотека "Любен Каравелов" Русе Отдел Изкуство - читалня 1983-01-01 Отдел Изкуство - подръчен фонд 1.75 376097 786.2/В 95 В 120000376097 2 0.89 N: стар фонд Дата: 01.01.1983 Нотни издания
  Не е изгубен Universal Decimal Classification Не е повреден без рестрикции заемане за дома 663391 Регионална библиотека "Любен Каравелов" Русе Регионална библиотека "Любен Каравелов" Русе Отдел Изкуство - читалня 1983-01-01 Отдел Изкуство - подръчен фонд 1.75 375769 786.2/В 95 120000375769 3 0.89 N: стар фонд Дата: 01.01.1983 Нотни издания
Vip Innovations Ltd, Rousse, Bulgaria 2025